| 000 | 01662cad a22002415a 4500 | ||
|---|---|---|---|
| 001 | L152487 | ||
| 008 | 110317e20110315xxkd f s f000 0 eng d | ||
| 035 | _a(Sirsi) u152487 | ||
| 041 | 0 | _aeng | |
| 050 | 0 | 4 | _a333.33 $2 18 |
| 110 | 1 |
_aUnited Kingdom _bDepartment for Communities and Local Government _94939 |
|
| 245 | 0 | 0 |
_aHouse price index _bJanuary 2011 _h[electronic resource] |
| 260 |
_aLondon _bDCLG _c2011 |
||
| 490 | 0 |
_aDCLG House Price Index _vJanuary 2011 |
|
| 520 | _aUK house prices rose by 0.5% since January 2010 and decreased by 1.4% since December 2010. The mix-adjusted average house price was £208 552 in January 2011 (not seasonally adjusted). UK house prices fell by 0.4% in the quarter ending January 2011 compared with a decrease of 0.2% in the quarter ending Octobter 2010 (seasonally adjusted). Annual average house prices rose by 1%. in England but fell by 1.8% in Wales and 3.2% in Scotland in Northern Ireland by 14.1%. Annual average house prices paid by first time buyers in January 2011 were 1.5% higher than a year ago. By comparison average house prices paid by former owner occupiers were 0.1%. Annual average house prices paid for new properties in December 2010 were 8.6% higher than a year ago. By comparison average house prices paid on pre-owned dwellings were 0.1% lower. | ||
| 521 | _aAdvanced | ||
| 590 | _aKA NTK | ||
| 650 | 2 | 4 | _aDCLG HOUSE PRICE INDEX |
| 651 | 4 |
_aUnited Kingdom _y |
|
| 690 | _aPROPERTY-RESIDENTIAL PROPERTY-RESIDENTIAL PROPERTY MARKET | ||
| 856 | 4 | 0 |
_uhttps://www.communities.gov.uk/documents/statistics/pdf/1864282.pdf _zView this item free of charge at www.communities.gov.uk |
| 942 | _n0 | ||
| 999 |
_c112071 _d112071 |
||